ASOIAF - House Weapons - Statistics

General Stats
  • This quiz has been taken 121 times
  • The average score is 8 of 14
Answer Stats
House Weapon % Correct
Stark Ice
97%
Targaryen BlackfyreDark Sister
87%
Mormont Longclaw
76%
Tarth Oathkeeper
76%
Dayne Dawn
75%
Baratheon(Of King's Landing) Widow's Wail
72%
Lannister Brightroar
68%
Tarly Heartsbane
65%
Corbray Lady Forlorn
52%
Drumm Red Rain
39%
Roxton Orphan-Maker
34%
Hightower Vigilance
34%
Royce Lamentation
30%
Harlaw Nightfall
28%
No matching quizzes found
Score Distribution
Percent of People with Each Score
Percentile by Number Answered
Your Score History
You have not taken this quiz